| 000 | 00387nam a22001217a 4500 | ||
|---|---|---|---|
| 008 | 230621b xxu||||| |||| 00| 0 eng d | ||
| 082 |
_a328.03 _bNAZ |
||
| 110 | _bNational Assembly of Zambia | ||
| 245 |
_aParliamentary Procedure Abstract Series 2 _bBrochure for Visitors to the national Assembly |
||
| 260 |
_bNational Assembly Research Department _c1995 |
||
| 300 | _a4p | ||
| 942 |
_2ddc _cBK |
||
| 999 |
_c2027 _d2027 |
||